00724nam a2200217 i 4500001000700000003000900007005001700016007000300033008004100036080001300077100001900090245011000109260006000219300004100279490004100320650004600361700003100407700000600438830004100444852002100485145769ES-MaACL20250818131150.0t|071016s1973 sp af ||||1| spa d a636(084)1 aVerbeek, Yves.14aLos animales domésticos / cIves Verbeek ; versión C. A. H. ; supervisión Rufino García García. aMadrid : bCírculo de Amigos de la Historia, c[1973] a1 v.: lám. : bil. col. ; c29 cm.1 aLos grandes enigmas del mundo animal 4aAnimales domésticos-vObras ilustradas.1 aGarcía García, Rufino.2 a 0 aLos grandes enigmas del mundo animal aES-MaACLjP-1049